[Event "19. Open de la Constitución 2017"]
[Site "San Sebastian de los Reyes ES"]
[Date "2017.12.07"]
[Round "6.10"]
[White "Perez Ordoñez, Jose Ramon"]
[Black "Tarrio Ocaña, Jose Manuel"]
[Result "0-1"]
[WhiteElo "2066"]
[BlackElo "1866"]
[PlyCount "96"]
[EventDate "2017.12.02"]
[EventType "swiss"]
[EventRounds "9"]
[EventCountry "ESP"]
[SourceTitle "Ajedrez en Madrid"]
[Source "lmi"]
[SourceDate "2017.12.02"]
[SourceVersion "1"]
[SourceVersionDate "2017.12.16"]
[SourceQuality "1"]

1. Nf3 e6 2. c4 d5 3. b3 Nf6 4. g3 c5 5. e3 Nc6 6. Bb2 Be7 7. Bg2 O-O 8. O-O
Ne4 9. Qe2 Bf6 10. d4 b6 11. Rd1 Ba6 12. Na3 Qc8 13. Rac1 Nb4 14. Ba1 Rd8 15.
Ne5 Bb7 16. f3 Nd6 17. g4 dxc4 18. bxc4 Be7 19. Nb5 f6 20. Nd3 Nxd3 21. Qxd3
cxd4 22. Nxd6 Bxd6 23. exd4 Bf4 24. Rc2 Qc7 25. Bf1 Rac8 26. Qe2 Qc6 27. Rd3
Ba6 28. Ra3 Bb7 29. Kh1 Bb8 30. Re3 Re8 31. Qg2 Qd6 32. Bd3 Qf4 33. Rce2 Ba6
34. d5 Bxc4 35. Bxc4 Rxc4 36. Re1 Qxe3 37. Rxe3 Rc1+ 38. Qg1 Rxg1+ 39. Kxg1 Bf4
40. Rxe6 Rxe6 41. dxe6 Be5 42. Bxe5 fxe5 43. Kf2 Kf8 44. Ke3 Ke7 45. Kd3 Kxe6
46. Kc4 a6 47. a4 g5 48. h3 h6 0-1

[Event "19. Open de la Constitución 2017"]
[Site "San Sebastian de los Reyes ES"]
[Date "2017.12.07"]
[Round "6.11"]
[White "Minguela Muñoz, Bienvenido"]
[Black "Hernandez Ramos, David"]
[Result "0-1"]
[WhiteElo "1813"]
[BlackElo "2054"]
[PlyCount "60"]
[EventDate "2017.12.02"]
[EventType "swiss"]
[EventRounds "9"]
[EventCountry "ESP"]
[SourceTitle "Ajedrez en Madrid"]
[Source "lmi"]
[SourceDate "2017.12.02"]
[SourceVersion "1"]
[SourceVersionDate "2017.12.16"]
[SourceQuality "1"]

1. d4 e6 2. c4 Nf6 3. Nf3 d5 4. Bg5 Be7 5. e3 O-O 6. Nbd2 b6 7. cxd5 Nxd5 8.
Bxe7 Qxe7 9. Rc1 Bb7 10. Bd3 Nd7 11. O-O Rac8 12. Ne4 h6 13. Bb1 Rfd8 14. g4
N5f6 15. Nxf6+ Qxf6 16. e4 c5 17. Qd3 cxd4 18. Rxc8 Rxc8 19. Kg2 e5 20. Nd2 Nc5
21. Qg3 Ne6 22. h4 a5 23. Kh2 Nf4 24. g5 hxg5 25. hxg5 Qg6 26. Qg4 Rc5 27. Nb3
Qh7+ 28. Kg3 Bc8 29. g6 fxg6 30. Qh4 Ne2+ 0-1

[Event "19. Open de la Constitución 2017"]
[Site "San Sebastian de los Reyes ES"]
[Date "2017.12.07"]
[Round "6.12"]
[White "Alonso Garuti, Luis E"]
[Black "Unciti Juan, Javier"]
[Result "0-1"]
[WhiteElo "1816"]
[BlackElo "2037"]
[PlyCount "90"]
[EventDate "2017.12.02"]
[EventType "swiss"]
[EventRounds "9"]
[EventCountry "ESP"]
[SourceTitle "Ajedrez en Madrid"]
[Source "lmi"]
[SourceDate "2017.12.02"]
[SourceVersion "1"]
[SourceVersionDate "2017.12.16"]
[SourceQuality "1"]

1. e4 e5 2. Nf3 d6 3. d4 Nd7 4. c3 Ngf6 5. Qc2 Be7 6. h3 c6 7. Be3 Qc7 8. Nbd2
O-O 9. Be2 Re8 10. O-O Nf8 11. Rad1 Ng6 12. dxe5 dxe5 13. a4 h6 14. Bc4 Nh5 15.
Kh2 Nhf4 16. Ng1 Ne6 17. g3 Bc5 18. Bxe6 Bxe3 19. Bxf7+ Qxf7 20. fxe3 Qe7 21.
Rf2 Qc5 22. Nf1 Be6 23. b3 a5 24. c4 b5 25. Rc1 bxc4 26. bxc4 Rab8 27. Qc3 Rb4
28. Qa3 Rf8 29. Nf3 Ne7 30. Kg2 Nc8 31. Qa1 Nd6 32. Qxe5 Qxe5 33. Nxe5 Rxf2+
34. Kxf2 Nxe4+ 35. Kf3 Ng5+ 36. Kf4 Nxh3+ 37. Ke4 c5 38. Nd3 Rxc4+ 39. Rxc4
Bxc4 40. Nxc5 Bxf1 41. Nb3 Bg2+ 42. Kf5 Bc6 43. Nxa5 Bxa4 44. Nc4 Ng5 45. Nd2
Kf7 0-1

[Event "19. Open de la Constitución 2017"]
[Site "San Sebastian de los Reyes ES"]
[Date "2017.12.07"]
[Round "6.13"]
[White "Anton Quevedo, Andrea"]
[Black "Bello Burguet, Glenier Lazaro"]
[Result "0-1"]
[WhiteElo "1994"]
[BlackElo "1917"]
[PlyCount "110"]
[EventDate "2017.12.02"]
[EventType "swiss"]
[EventRounds "9"]
[EventCountry "ESP"]
[SourceTitle "Ajedrez en Madrid"]
[Source "lmi"]
[SourceDate "2017.12.02"]
[SourceVersion "1"]
[SourceVersionDate "2017.12.16"]
[SourceQuality "1"]

1. e4 e5 2. Nf3 Nc6 3. Bc4 Nf6 4. Nc3 Be7 5. d4 d6 6. h3 O-O 7. O-O h6 8. a3 a6
9. Be3 b5 10. Ba2 Bb7 11. Re1 exd4 12. Nxd4 Nxd4 13. Bxd4 c5 14. Be3 c4 15. Bf4
Qb6 16. Qd2 Rfd8 17. Nd5 Nxd5 18. exd5 Bf6 19. c3 Re8 20. Be3 Qc7 21. Rad1 Re7
22. Bb1 Rae8 23. Kf1 h5 24. Bg5 Bxg5 25. Qxg5 g6 26. f3 Qd8 27. Qd2 Re5 28.
Rxe5 Rxe5 29. Re1 Qe7 30. Re4 f5 31. Rd4 Qf7 32. Qg5 Kg7 33. Qd8 Qe7 34. Qxe7+
Rxe7 35. g4 fxg4 36. fxg4 Re5 37. Be4 h4 38. Kf2 g5 39. Bf3 Kf6 40. Bg2 Ke7 41.
Be4 Kd8 42. Ke3 Re8 43. Kd2 Kc7 44. Kc2 Kb6 45. b3 cxb3+ 46. Kb2 Kc5 47. Bf5
Bxd5 48. Rd2 Re3 49. Rh2 a5 50. Bd7 Bc4 51. a4 bxa4 52. Bxa4 Re2+ 53. Rxe2 Bxe2
54. Bxb3 Bf1 55. Bd1 Bxh3 0-1

[Event "19. Open de la Constitución 2017"]
[Site "San Sebastian de los Reyes ES"]
[Date "2017.12.07"]
[Round "6.14"]
[White "Garcia Prados, David"]
[Black "Camarero Izquierdo, Juan Carlos"]
[Result "1/2-1/2"]
[WhiteElo "1953"]
[BlackElo "1852"]
[PlyCount "171"]
[EventDate "2017.12.02"]
[EventType "swiss"]
[EventRounds "9"]
[EventCountry "ESP"]
[SourceTitle "Ajedrez en Madrid"]
[Source "lmi"]
[SourceDate "2017.12.02"]
[SourceVersion "1"]
[SourceVersionDate "2017.12.16"]
[SourceQuality "1"]

1. e4 c5 2. Nf3 d6 3. d4 cxd4 4. Nxd4 Nf6 5. Nc3 a6 6. Be2 Nbd7 7. O-O b5 8.
Nd5 Bb7 9. Nxf6+ Nxf6 10. f3 Rc8 11. Be3 Qc7 12. Rf2 g6 13. Qd2 Bg7 14. Rc1 O-O
15. Bd3 d5 16. e5 Qxe5 17. Re2 Qc7 18. Bf4 Qb6 19. c3 Rfe8 20. Rce1 e6 21. Be3
Qa5 22. Bb1 Nd7 23. Nb3 Qd8 24. Bd4 Bxd4+ 25. cxd4 Qh4 26. Na5 Ba8 27. f4 Nf6
28. g3 Qh3 29. Re3 Ne4 30. Qe2 f5 31. Bd3 Rc7 32. Qd1 Rec8 33. Nb3 Bc6 34. Bf1
Qh6 35. Bg2 Be8 36. Bxe4 fxe4 37. Nc5 Rc6 38. Ra3 g5 39. Qg4 Qf6 40. Qxg5+ Qxg5
41. fxg5 e5 42. Nb3 exd4 43. Nxd4 Rc1 44. Kf2 Rxe1 45. Kxe1 Rc4 46. Nf5 Rc2 47.
Rxa6 Bh5 48. g4 Bxg4 49. Nh6+ Kg7 50. Nxg4 d4 51. Re6 e3 52. Re4 Rd2 53. h4 Kg6
54. Nh6 b4 55. a4 b3 56. a5 Rxb2 57. Rxd4 Ra2 58. Rb4 b2 59. Ng4 Ra1+ 60. Ke2
b1=Q 61. Rxb1 Rxb1 62. Kxe3 Ra1 63. Nf6 h5 64. Nd5 Kf5 65. Ne7+ Ke6 66. Ng6
Ra3+ 67. Ke4 Ra4+ 68. Kf3 Rxa5 69. Nf4+ Kf5 70. Nxh5 Ra3+ 71. Kf2 Kg4 72. Nf6+
Kxh4 73. Ne4 Kh5 74. Ke2 Kg6 75. Kd2 Kf5 76. Nd6+ Kxg5 77. Nc4 Rh3 78. Ne3 Kf4
79. Nd5+ Ke4 80. Nc3+ Kd4 81. Ne2+ Kc4 82. Nf4 Rf3 83. Ne2 Rd3+ 84. Ke1 Re3 85.
Kd2 Rh3 86. Ng1 1/2-1/2

[Event "19. Open de la Constitución 2017"]
[Site "San Sebastian de los Reyes ES"]
[Date "2017.12.07"]
[Round "6.15"]
[White "Bartolome Martin, Angel"]
[Black "Alfaya Martinez, Enrique"]
[Result "1-0"]
[WhiteElo "1936"]
[BlackElo "1613"]
[PlyCount "59"]
[EventDate "2017.12.02"]
[EventType "swiss"]
[EventRounds "9"]
[EventCountry "ESP"]
[SourceTitle "Ajedrez en Madrid"]
[Source "lmi"]
[SourceDate "2017.12.02"]
[SourceVersion "1"]
[SourceVersionDate "2017.12.16"]
[SourceQuality "1"]

1. d4 Nf6 2. Bg5 d5 3. e3 Nbd7 4. Nf3 e6 5. Bd3 Be7 6. O-O O-O 7. Nbd2 h6 8.
Bh4 c5 9. c3 c4 10. Bc2 b5 11. Rc1 a5 12. Bb1 b4 13. Qc2 g6 14. e4 Nxe4 15.
Bxe7 Qxe7 16. Nxe4 dxe4 17. Qxe4 Rb8 18. Rfe1 Bb7 19. Qe3 Kg7 20. Rcd1 Bd5 21.
Nd2 Nf6 22. Qe5 Kh7 23. h4 Ng4 24. Qxd5 Qxh4 25. Qf3 Rb5 26. Qg3 Qh5 27. Ne4 f5
28. Nc5 f4 29. Qh3 Qg5 30. Nxe6 1-0

[Event "19. Open de la Constitución 2017"]
[Site "San Sebastian de los Reyes ES"]
[Date "2017.12.07"]
[Round "6.16"]
[White "Villodre Miranda, Juan Alonso"]
[Black "Fernandez Garcia, Ignacio"]
[Result "0-1"]
[WhiteElo "1552"]
[BlackElo "1861"]
[PlyCount "98"]
[EventDate "2017.12.02"]
[EventType "swiss"]
[EventRounds "9"]
[EventCountry "ESP"]
[SourceTitle "Ajedrez en Madrid"]
[Source "lmi"]
[SourceDate "2017.12.02"]
[SourceVersion "1"]
[SourceVersionDate "2017.12.16"]
[SourceQuality "1"]

1. c4 e5 2. Nc3 f5 3. e3 Nf6 4. d4 e4 5. a3 c5 6. d5 d6 7. b4 b6 8. Bb2 Be7 9.
Nge2 Nbd7 10. Ng3 Ne5 11. f3 exf3 12. gxf3 O-O 13. h3 Ng6 14. f4 Ne4 15. Ngxe4
fxe4 16. Nxe4 Bh4+ 17. Kd2 Bf5 18. Bd3 Qe7 19. Qf3 Rae8 20. Ng3 Bxd3 21. Kxd3
Bxg3 22. Qxg3 Qe4+ 23. Kd2 Qxc4 24. Rac1 Qxd5+ 25. Kc2 Qe4+ 26. Kb3 Qd5+ 27.
Kc2 cxb4 28. axb4 a5 29. Rhd1 Qe4+ 30. Kb3 Qxb4+ 31. Ka2 Rf7 32. Rd4 Qb5 33.
Rc3 Rfe7 34. Rb3 Qe2 35. Rxd6 b5 36. Qg5 a4 37. Qd5+ Kh8 38. Rxb5 a3 39. Kxa3
Qxe3+ 40. Kb4 Re4+ 41. Bd4 Nxf4 42. Qc6 Rxd4+ 43. Rxd4 Qxd4+ 44. Ka3 Re3+ 45.
Ka2 h6 46. Qc8+ Kh7 47. Qf5+ Ng6 48. Qh5 Qc4+ 49. Ka1 Qc1+ 0-1

[Event "19. Open de la Constitución 2017"]
[Site "San Sebastian de los Reyes ES"]
[Date "2017.12.07"]
[Round "6.17"]
[White "Rodriguez Valdeavaro, Julio C"]
[Black "Vazquez Rodriguez, Francisco"]
[Result "1/2-1/2"]
[WhiteElo "1847"]
[BlackElo "1585"]
[PlyCount "139"]
[EventDate "2017.12.02"]
[EventType "swiss"]
[EventRounds "9"]
[EventCountry "ESP"]
[SourceTitle "Ajedrez en Madrid"]
[Source "lmi"]
[SourceDate "2017.12.02"]
[SourceVersion "1"]
[SourceVersionDate "2017.12.16"]
[SourceQuality "1"]

1. e4 c5 2. Nf3 Nc6 3. d4 cxd4 4. Nxd4 g6 5. c4 Bg7 6. Be3 Nf6 7. Nc3 d6 8. Be2
O-O 9. Nb3 Be6 10. O-O Rc8 11. c5 d5 12. f3 Nxe4 13. fxe4 d4 14. Bd2 dxc3 15.
Bxc3 Qxd1 16. Rfxd1 Bxc3 17. bxc3 Ne5 18. Rd4 Rc7 19. c4 Rb8 20. Rad1 Kg7 21.
Kf2 b6 22. cxb6 axb6 23. Rc1 Ra8 24. Rc2 Rac8 25. Rd1 Bg4 26. c5 Bxe2 27. Kxe2
bxc5 28. Rd5 Nd7 29. Nd2 Nb6 30. Rd3 Ra8 31. Rdc3 Nd7 32. Nc4 Ra6 33. a3 Rb7
34. Ra2 Rba7 35. Rb3 Ra4 36. Kd3 Rb4 37. Rxb4 cxb4 38. Kd4 bxa3 39. Rxa3 Rxa3
40. Nxa3 Kf6 41. Nc4 Kg5 42. Ke3 e5 43. Kf3 f5 44. g3 h5 45. h4+ Kf6 46. Ne3
Nc5 47. exf5 gxf5 48. Nc4 Ne6 49. Nd6 f4 50. Ne4+ Kg6 51. gxf4 exf4 52. Nf2 Kf5
53. Kg2 Nd4 54. Kh3 Nf3 55. Nd3 Ne5 56. Nc5 Ng6 57. Nd7 Ke6 58. Nc5+ Kd5 59.
Nd7 Ke6 60. Nc5+ Kd6 61. Ne4+ Ke5 62. Ng5 Kf5 63. Nf3 Ne5 64. Ng5 Ng4 65. Kg2
Ne5 66. Kh3 Nd3 67. Nf3 Nf2+ 68. Kg2 Ng4 69. Ng5 Ne3+ 70. Kf3 1/2-1/2

[Event "19. Open de la Constitución 2017"]
[Site "San Sebastian de los Reyes ES"]
[Date "2017.12.07"]
[Round "6.18"]
[White "Chidichimo, Pedro Jose Maria"]
[Black "Nuevo Benitez, Miguel Angel"]
[Result "1-0"]
[WhiteElo "1791"]
[BlackElo "1571"]
[PlyCount "51"]
[EventDate "2017.12.02"]
[EventType "swiss"]
[EventRounds "9"]
[EventCountry "ESP"]
[SourceTitle "Ajedrez en Madrid"]
[Source "lmi"]
[SourceDate "2017.12.02"]
[SourceVersion "1"]
[SourceVersionDate "2017.12.16"]
[SourceQuality "1"]

1. d4 d6 2. Bf4 Nf6 3. Nc3 g6 4. e4 Bg7 5. Qd2 c6 6. O-O-O b5 7. e5 b4 8. exf6
bxc3 9. Qxc3 Bxf6 10. Bc4 O-O 11. Bh6 Re8 12. Nf3 e6 13. h4 c5 14. Bg5 cxd4 15.
Qb3 d5 16. Bb5 Nd7 17. Rxd4 Rb8 18. Qd3 Bxg5+ 19. hxg5 Nc5 20. Qe2 Re7 21. Rdh4
f5 22. gxf6 Rc7 23. Ng5 h5 24. Rxh5 gxh5 25. Qxh5 Qxf6 26. Qe8+ 1-0

[Event "19. Open de la Constitución 2017"]
[Site "San Sebastian de los Reyes ES"]
[Date "2017.12.07"]
[Round "6.19"]
[White "Perez Cameselle, Francisco Jose"]
[Black "Rial Rodriguez, Marta"]
[Result "1-0"]
[WhiteElo "1755"]
[BlackElo "1509"]
[PlyCount "55"]
[EventDate "2017.12.02"]
[EventType "swiss"]
[EventRounds "9"]
[EventCountry "ESP"]
[SourceTitle "Ajedrez en Madrid"]
[Source "lmi"]
[SourceDate "2017.12.02"]
[SourceVersion "1"]
[SourceVersionDate "2017.12.16"]
[SourceQuality "1"]

1. e4 c5 2. Nf3 d6 3. d4 cxd4 4. Nxd4 Nf6 5. Nc3 g6 6. Be3 Bg7 7. Bc4 O-O 8. f3
Nc6 9. Qd2 Bd7 10. g4 Rc8 11. O-O-O Ne5 12. Bb3 Nc4 13. Bxc4 Rxc4 14. Kb1 a5
15. h4 h5 16. gxh5 Nxh5 17. Nce2 b5 18. Bh6 Bxh6 19. Qxh6 e6 20. Rdg1 Rc5 21.
f4 Ng7 22. Rg5 Qf6 23. Nb3 Rc4 24. h5 Re8 25. hxg6 fxg6 26. Rxg6 Qf8 27. Rf6
Qe7 28. Qh8# 1-0

[Event "19. Open de la Constitución 2017"]
[Site "San Sebastian de los Reyes ES"]
[Date "2017.12.07"]
[Round "6.20"]
[White "Aragon Lopez, Hiria"]
[Black "Rodriguez Garcia, Alberto"]
[Result "0-1"]
[WhiteElo "1488"]
[BlackElo "1727"]
[PlyCount "116"]
[EventDate "2017.12.02"]
[EventType "swiss"]
[EventRounds "9"]
[EventCountry "ESP"]
[SourceTitle "Ajedrez en Madrid"]
[Source "lmi"]
[SourceDate "2017.12.02"]
[SourceVersion "1"]
[SourceVersionDate "2017.12.16"]
[SourceQuality "1"]

1. e4 c5 2. Nf3 d6 3. Bb5+ Bd7 4. Bxd7+ Qxd7 5. c4 Nf6 6. Nc3 g6 7. O-O Bg7 8.
d4 cxd4 9. Nxd4 Nc6 10. Nf3 Rc8 11. Qe2 O-O 12. Rd1 Qc7 13. Bf4 Nh5 14. Bg5
Bxc3 15. bxc3 Na5 16. e5 Nxc4 17. exd6 exd6 18. Rd3 Rfe8 19. Qc2 Qc5 20. Rad1
Qf5 21. h3 Ne5 22. Nxe5 Rxe5 23. Be3 Nf4 24. Bxf4 Qxf4 25. Rxd6 Rce8 26. Rd8
Qc4 27. Rxe8+ Rxe8 28. Qb3 Qc6 29. Qa3 a6 30. Rd6 Re1+ 31. Kh2 Qc7 32. g3 Qe7
33. Qb4 a5 34. Qd4 Qe5 35. Qxe5 Rxe5 36. Rd8+ Kg7 37. Rd7 Rb5 38. Kg2 Rb2 39.
Rc7 Kf6 40. Kf3 a4 41. Ke3 a3 42. c4 b6 43. Rc6+ Ke7 44. c5 bxc5 45. Rxc5 Rxa2
46. Ra5 Ra1 47. Kd3 a2 48. Kc2 Rf1 49. Rxa2 Rxf2+ 50. Kb1 Rxa2 51. Kxa2 Ke6 52.
Kb3 Ke5 53. Kc3 Ke4 54. Kd2 Kf3 55. g4 f5 56. gxf5 gxf5 57. h4 f4 58. h5 Kg2
0-1

[Event "19. Open de la Constitución 2017"]
[Site "San Sebastian de los Reyes ES"]
[Date "2017.12.07"]
[Round "6.21"]
[White "Rivera Comino, Oscar"]
[Black "Fernandez Diaz, Ricardo"]
[Result "0-1"]
[WhiteElo "1707"]
[BlackElo "1493"]
[PlyCount "84"]
[EventDate "2017.12.02"]
[EventType "swiss"]
[EventRounds "9"]
[EventCountry "ESP"]
[SourceTitle "Ajedrez en Madrid"]
[Source "lmi"]
[SourceDate "2017.12.02"]
[SourceVersion "1"]
[SourceVersionDate "2017.12.16"]
[SourceQuality "1"]

1. d4 Nf6 2. Bf4 e6 3. e3 c5 4. c3 Nc6 5. Bd3 Be7 6. h3 O-O 7. Nf3 cxd4 8. cxd4
d6 9. O-O Bd7 10. a3 a5 11. Nc3 Na7 12. Ne4 Bc6 13. Qc2 Nxe4 14. Bxe4 Bxe4 15.
Qxe4 d5 16. Qd3 Nc6 17. Rac1 Qd7 18. Ne5 Nxe5 19. Bxe5 Rfc8 20. Qd2 a4 21.
Rxc8+ Rxc8 22. Rc1 b5 23. Rc2 Rc4 24. Rxc4 bxc4 25. Qa5 h6 26. Bg3 Kh7 27. Kf1
Bd8 28. Qc3 Qb7 29. Bd6 Qb3 30. Qxb3 cxb3 31. Ke2 Kg6 32. Kd3 Kf5 33. g4+ Kg5
34. Bf4+ Kh4 35. Bd6 Kxh3 36. f3 Kg2 37. Ke2 g6 38. Bf4 h5 39. gxh5 gxh5 40. e4
h4 41. Ke3 h3 42. Bd6 Bh4 0-1

[Event "19. Open de la Constitución 2017"]
[Site "San Sebastian de los Reyes ES"]
[Date "2017.12.07"]
[Round "6.22"]
[White "Llamas Aliste, Alberto"]
[Black "Llamas Martinez, Pablo"]
[Result "1/2-1/2"]
[WhiteElo "1678"]
[BlackElo "1433"]
[PlyCount "51"]
[EventDate "2017.12.02"]
[EventType "swiss"]
[EventRounds "9"]
[EventCountry "ESP"]
[SourceTitle "Ajedrez en Madrid"]
[Source "lmi"]
[SourceDate "2017.12.02"]
[SourceVersion "1"]
[SourceVersionDate "2017.12.16"]
[SourceQuality "1"]

1. e4 d5 2. exd5 Nf6 3. c4 c6 4. dxc6 Nxc6 5. Nf3 e5 6. d3 e4 7. dxe4 Qxd1+ 8.
Kxd1 Nxe4 9. Be3 Bf5 10. Nc3 Nxc3+ 11. bxc3 O-O-O+ 12. Ke1 Ba3 13. Rd1 Bb2 14.
Rxd8+ Rxd8 15. Bd2 Bd3 16. Bxd3 Rxd3 17. Ke2 Rd7 18. Rb1 Ba3 19. Be3 b6 20. Nd4
Na5 21. c5 Bxc5 22. Nb3 Bxe3 23. fxe3 Nc4 24. Rf1 Re7 25. Rf3 g5 26. g4 1/2-1/2

[Event "19. Open de la Constitución 2017"]
[Site "San Sebastian de los Reyes ES"]
[Date "2017.12.07"]
[Round "6.23"]
[White "Braziunaite, Rasa"]
[Black "Stefanescu, Iulian"]
[Result "1-0"]
[WhiteElo "1517"]
[BlackElo "1721"]
[PlyCount "97"]
[EventDate "2017.12.02"]
[EventType "swiss"]
[EventRounds "9"]
[EventCountry "ESP"]
[SourceTitle "Ajedrez en Madrid"]
[Source "lmi"]
[SourceDate "2017.12.02"]
[SourceVersion "1"]
[SourceVersionDate "2017.12.16"]
[SourceQuality "1"]

1. b3 c5 2. Bb2 d5 3. e3 a6 4. c4 e6 5. g3 Nc6 6. a3 Nf6 7. Bg2 Be7 8. Nf3 Qb6
9. d3 h6 10. O-O O-O 11. Nbd2 Bd7 12. d4 cxd4 13. Nxd4 Rad8 14. cxd5 exd5 15.
b4 Bg4 16. Bf3 Be6 17. Nxe6 fxe6 18. Bg4 Rd6 19. Bh3 Nh7 20. Qb3 Bf6 21. Rab1
Ng5 22. Bg2 Qd8 23. f4 Nf7 24. Kh1 Kh8 25. e4 Bxb2 26. Rxb2 Nd4 27. Qe3 dxe4
28. Nxe4 Nf5 29. Qe2 Nd4 30. Qg4 Rb6 31. Rd2 e5 32. Qd1 Qc8 33. fxe5 Ne6 34.
Qh5 Qc4 35. Rxf7 Rg8 36. Rd1 Nd4 37. Rdf1 Ne2 38. Rf8 g5 39. Rxg8+ Kxg8 40.
Qe8+ Kg7 41. Qf8+ Kg6 42. Rf6+ Rxf6 43. Qxf6+ Kh7 44. Qf5+ Kg7 45. e6 Qc1+ 46.
Bf1 Qe3 47. Qf7+ Kh8 48. Qf8+ Kh7 49. Nf6+ 1-0

[Event "19. Open de la Constitución 2017"]
[Site "San Sebastian de los Reyes ES"]
[Date "2017.12.07"]
[Round "6.24"]
[White "Rodriguez Municio, Carmen"]
[Black "Martinez Miura, Enrique"]
[Result "0-1"]
[WhiteElo "1213"]
[BlackElo "1643"]
[PlyCount "84"]
[EventDate "2017.12.02"]
[EventType "swiss"]
[EventRounds "9"]
[EventCountry "ESP"]
[SourceTitle "Ajedrez en Madrid"]
[Source "lmi"]
[SourceDate "2017.12.02"]
[SourceVersion "1"]
[SourceVersionDate "2017.12.16"]
[SourceQuality "1"]

1. e4 e6 2. d4 d5 3. exd5 exd5 4. Nf3 Bd6 5. Be2 h6 6. O-O Nf6 7. h3 Bf5 8. c4
c6 9. Nc3 O-O 10. Bd3 Bxd3 11. Qxd3 Nbd7 12. Re1 Re8 13. Bd2 dxc4 14. Qxc4 Qc7
15. Re2 Rxe2 16. Nxe2 Nb6 17. Qd3 Nbd5 18. g3 Re8 19. a3 Ne4 20. Kg2 Nxd2 21.
Qxd2 Qe7 22. Re1 Qf6 23. h4 Qg6 24. Ne5 Bxe5 25. dxe5 Rxe5 26. Nc3 Qe6 27. Rxe5
Qxe5 28. f4 Qe6 29. Kf3 Nxc3 30. Qxc3 Qd5+ 31. Ke3 c5 32. a4 f5 33. b3 b6 34.
Kf2 Kf7 35. Qe3 Qd4 36. Qxd4 cxd4 37. Ke2 Ke6 38. Kd3 Kd5 39. b4 h5 40. a5 b5
41. a6 g6 42. Ke2 Kc4 0-1

[Event "19. Open de la Constitución 2017"]
[Site "San Sebastian de los Reyes ES"]
[Date "2017.12.07"]
[Round "6.25"]
[White "Criado Jimenez, Jose"]
[Black "Garcia Minguez, Antonio"]
[Result "0-1"]
[WhiteElo "1615"]
[BlackElo "1520"]
[PlyCount "96"]
[EventDate "2017.12.02"]
[EventType "swiss"]
[EventRounds "9"]
[EventCountry "ESP"]
[SourceTitle "Ajedrez en Madrid"]
[Source "lmi"]
[SourceDate "2017.12.02"]
[SourceVersion "1"]
[SourceVersionDate "2017.12.16"]
[SourceQuality "1"]

1. d4 d5 2. Nf3 Nf6 3. g3 Bf5 4. Bg2 h6 5. O-O e6 6. c4 c6 7. b3 Be7 8. Nc3 O-O
9. c5 Nbd7 10. Re1 Ne4 11. Nxe4 Bxe4 12. Nd2 Bxg2 13. Kxg2 Nf6 14. Nf3 Ne4 15.
Ng1 b6 16. f3 Nf6 17. b4 a5 18. Bd2 axb4 19. Bxb4 bxc5 20. dxc5 Qc8 21. e3 Nd7
22. Qc2 Bf6 23. Rac1 Ne5 24. Bc3 Qa6 25. Re2 Rfb8 26. Rb1 Rb5 27. Rxb5 Qxb5 28.
Qb2 Qxb2 29. Bxb2 Rxa2 30. Bxe5 Rxe2+ 31. Nxe2 Bxe5 32. Nd4 Bxd4 33. exd4 f5
34. Kf2 g5 35. h4 Kf7 36. h5 f4 37. g4 Kf6 38. Ke2 e5 39. Kd3 exd4 40. Kxd4 Ke6
41. Kc3 Ke5 42. Kd3 d4 43. Kc4 d3 44. Kxd3 Kd5 45. Kd2 Kxc5 46. Kc3 Kd5 47. Kd3
c5 48. Kc3 c4 0-1

[Event "19. Open de la Constitución 2017"]
[Site "San Sebastian de los Reyes ES"]
[Date "2017.12.07"]
[Round "6.27"]
[White "Karunanithi, Bharath"]
[Black "Perdiguero Herreros, Alejandro"]
[Result "1-0"]
[WhiteElo "1550"]
[BlackElo "1313"]
[PlyCount "91"]
[EventDate "2017.12.02"]
[EventType "swiss"]
[EventRounds "9"]
[EventCountry "ESP"]
[SourceTitle "Ajedrez en Madrid"]
[Source "lmi"]
[SourceDate "2017.12.02"]
[SourceVersion "1"]
[SourceVersionDate "2017.12.16"]
[SourceQuality "1"]

1. d4 d5 2. Nf3 Nf6 3. c4 e6 4. Nc3 c6 5. a3 dxc4 6. e3 b5 7. g3 Bd7 8. Bg2 Be7
9. Bd2 O-O 10. O-O Na6 11. Ne5 Rb8 12. Bxc6 Nc7 13. Bxd7 Nxd7 14. Nc6 Qe8 15.
Nxb8 Qxb8 16. Na2 Nd5 17. e4 N5b6 18. Nb4 Qb7 19. f3 e5 20. dxe5 Bc5+ 21. Kg2
Nxe5 22. Bc3 Ng6 23. Qe2 Qe7 24. Rad1 h6 25. Rfe1 Rc8 26. Nd5 Nxd5 27. exd5 Qg5
28. Qd2 Qf5 29. d6 Rd8 30. d7 Kh7 31. Ba5 Bb6 32. Bxb6 axb6 33. Re8 Qf6 34. Qd4
Qg5 35. h4 Qf5 36. Rxd8 Ne5 37. Rh8+ Kg6 38. Qe4 Qxe4 39. fxe4 Ng4 40. Re1 c3
41. bxc3 b4 42. cxb4 b5 43. d8=Q Ne5 44. Qe8 h5 45. Qxe5 f5 46. Qe6# 1-0

[Event "19. Open de la Constitución 2017"]
[Site "San Sebastian de los Reyes ES"]
[Date "2017.12.07"]
[Round "6.28"]
[White "Lopez Orellana, Federico"]
[Black "Murillo Paz, Pedro P"]
[Result "1-0"]
[WhiteElo "1727"]
[BlackElo "1427"]
[PlyCount "88"]
[EventDate "2017.12.02"]
[EventType "swiss"]
[EventRounds "9"]
[EventCountry "ESP"]
[SourceTitle "Ajedrez en Madrid"]
[Source "lmi"]
[SourceDate "2017.12.02"]
[SourceVersion "1"]
[SourceVersionDate "2017.12.16"]
[SourceQuality "1"]

1. d4 d5 2. e3 Nf6 3. Bd3 e6 4. f4 Nc6 5. c3 Bd6 6. Nd2 O-O 7. Ngf3 Ne7 8. O-O
c5 9. Ne5 c4 10. Bc2 Nf5 11. Qf3 Be7 12. g4 Nh4 13. Qh3 Nd7 14. Ndf3 Nxf3+ 15.
Rxf3 g6 16. Qh6 Nf6 17. Rh3 Re8 18. g5 Bf8 19. Qh4 Nh5 20. Bd1 f6 21. Bxh5 gxh5
22. gxf6 h6 23. f7+ Kh7 24. fxe8=Q Qxe8 25. Qxh5 Qxh5 26. Rxh5 Bg7 27. Bd2 Bxe5
28. fxe5 Bd7 29. Rf1 Rg8+ 30. Kh1 Be8 31. Rh3 Bg6 32. Rg3 h5 33. h4 b5 34. Kh2
a5 35. Rf6 b4 36. cxb4 axb4 37. Bxb4 Rb8 38. a3 Rg8 39. Rxe6 c3 40. bxc3 Rg7
41. Rexg6 Kh8 42. Rh6+ Rh7 43. Rxh7+ Kxh7 44. e6 Kh8 1-0

[Event "19. Open de la Constitución 2017"]
[Site "San Sebastian de los Reyes ES"]
[Date "2017.12.07"]
[Round "6.30"]
[White "Osuna Osuna, Francisco"]
[Black "Duma, Mihaela"]
[Result "1-0"]
[WhiteElo "1565"]
[BlackElo "1008"]
[PlyCount "43"]
[EventDate "2017.12.02"]
[EventType "swiss"]
[EventRounds "9"]
[EventCountry "ESP"]
[SourceTitle "Ajedrez en Madrid"]
[Source "lmi"]
[SourceDate "2017.12.02"]
[SourceVersion "1"]
[SourceVersionDate "2017.12.16"]
[SourceQuality "1"]

1. e4 e5 2. Nf3 Nc6 3. Bc4 d6 4. Nc3 Nf6 5. Ng5 Be6 6. Nxe6 fxe6 7. Bxe6 Nd4 8.
Bc4 Qe7 9. d3 h6 10. Nd5 Qd7 11. Nxf6+ gxf6 12. c3 b5 13. cxd4 bxc4 14. dxc4
Qc6 15. Qd3 O-O-O 16. Be3 a6 17. b3 Rg8 18. d5 Qd7 19. c5 Rxg2 20. Qxa6+ Kb8
21. c6 Qc8 22. Qa7# 1-0